Países aleatorios con km² aproximados - Estadísticas

Estadísticas generales
  • Esta prueba ha sido intentada 3 veces
  • La puntuación promedio es 19 de 25
Estadísticas de respuestas
Km² aproximados Países % Correcto
2.400.000 Argelia
100%
8.000.000 Australia
100%
14.000 Bahamas | Montenegro
100%
51.000 Bosnia y Herzegovina | Costa Rica
100%
0 Ciudad del Vaticano
100%
1.100.000 Colombia | Etiopía | Bolivia
100%
17.000 Esuatini
100%
18.000 Fiyi | Kuwait
100%
11.000 Gambia | Jamaica | Kosovo
100%
340 Granada
100%
3.300.000 India
100%
70.000 Irlanda | Georgia
100%
180 Islas Marshall
100%
160 Liechtenstein
100%
65.000 Lituania | Letonia
100%
300 Maldivas
100%
320 Malta
100%
34.000 Moldavia
100%
2 Mónaco
100%
800.000 Namibia | Mozambique | Turquía | Chile | Zambia
100%
20 Nauru
100%
76.000 Panamá
100%
3.000 Samoa | Luxemburgo
100%
60 San Marino
100%
390 San Vicente y las Granadinas
100%
88.000 Serbia
100%
41.000 Suiza
100%
5.000 Trinidad y Tobago
100%
30 Tuvalu
100%
500.000 Yemen | Tailandia | España | Turkmenistán | Camerún | Papúa Nueva Guinea | Suecia
100%
31.000 Bélgica
50%
9.000 Chipre
50%
2.000 Mauricio | Comoras
50%
470 Andorra
0%
1.200.000 Angola | Malí | Sudáfrica
0%
440 Antigua y Barbuda
0%
84.000 Austria | Emiratos Árabes Unidos
0%
87.000 Azerbaiyán
0%
100.000 Bangladés | Nepal | Tayikistán | Grecia | Nicaragua | Corea del Norte | Malaui | Eritrea | Honduras | Benín | Liberia | Bulgaria | Cuba | Guatemala | Islandia | Corea del Sur
0%
430 Barbados
0%
760 Baréin
0%
9.000.000 Brasil
0%
6.000 Brunéi
0%
38.000 Bután
0%
4.000 Cabo Verde
0%
10.000.000 Canadá | Estados Unidos | China
0%
2.200.000 Dinamarca
0%
750 Dominica | Tonga
0%
21.000 El Salvador | Israel
0%
49.000 Eslovaquia | República Dominicana
0%
20.000 Eslovenia
0%
700 Estados Federados de Micronesia
0%
45.000 Estonia
0%
36.000 Guinea-Bissau
0%
28.000 Guinea Ecuatorial | Burundi | Haití
0%
200.000 Guinea | Reino Unido | Uganda | Ghana | Rumanía | Laos | Guyana | Bielorrusia | Kirguistán | Senegal | Siria | Camboya | Uruguay | Surinam | Túnez
0%
93.000 Hungría
0%
1.900.000 Indonesia | Sudán
0%
1.600.000 Irán | Mongolia
0%
29.000 Islas Salomón | Albania
0%
89.000 Jordania
0%
2.700.000 Kazajistán
0%
810 Kiribati
0%
30.000 Lesoto | Armenia
0%
10.000 Líbano
0%
1.800.000 Libia
0%
1.000.000 Mauritania | Egipto
0%
2.000.000 México
0%
700.000 Myanmar | Afganistán
0%
42.000 Países Bajos
0%
460 Palaos | Seychelles
0%
1.300.000 Perú | Chad | Níger
0%
92.000 Portugal
0%
79.000 República Checa
0%
300.000 República del Congo | Finlandia | Vietnam | | Malasia | Costa de Marfil | Polonia | Omán | Italia | Filipinas | Burkina Faso | Nueva Zelanda | Gabón | Ecuador
0%
2.300.000 República Democrática del Congo
0%
26.000 Ruanda | Macedonia del Norte
0%
17.000.000 Rusia
0%
260 San Cristóbal y Nieves
0%
620 Santa Lucía
0%
960 Santo Tomé y Príncipe
0%
72.000 Sierra Leona
0%
730 Singapur
0%
66.00 Sri Lanka
0%
600.000 Sudán del Sur | Francia | Somalia | República Centroafricana | Ucrania | Madagascar | Botsuana | Kenia
0%
900.000 Tanzania | Nigeria | Venezuela | Pakistán
0%
15.000 Timor Oriental
0%
57.000 Togo | Croacia
0%
400.000 Uzbekistán | Marruecos | Irak | Paraguay | Zimbabue | Noruega | Japón | Alemania
0%
12.000 Vanuatu | Catar
0%
23.000 Yibuti | Belice
0%
No se encontraron pruebas coincidentes
Distribución de puntuación
Porcentaje de gente con cada puntuación
Porcentaje por número respondido
Historial de tus puntuaciones
No has intentado esta prueba.